Batırılan bir ülke nasıl kurtarılır? (Record no. 8016)

MARC details
000 -BAŞLIK
Sabit Uzunlukta Kontrol Alanı 00803na a2200265 4500
001 - KONTROL NUMARASI
Denetim Alanı 15892
003 - KONTROL NUMARASI IDENTIFIER
Denetim Alanı MIRAKIL
005 - SON İŞLEM TARİHİ VE ZAMANI
Denetim Alanı 20181213155157.0
008 - SABİT-BOY VERİ ELEMANLARI - GENEL BİLGİLER
Sabit Uzunlukta Kontrol Alanı 161003b tu 000 0
020 ## - ULUSLARARASI STANDART KİTAP NUMARASI
Uluslararası Standart Kitap Numarası 9757045098
035 ## - SİSTEM KONTROL NUMARASI
Sistem Kontrol Numarası 15892
040 ## - KATALOGLAMA KAYNAK
Orijinal Kataloglama Ajansı Milas
Kataloglama Dili tur
Metne Dönüştürmek Ajansı TR-AnCHP
041 ## - DİL KODU
Metin / Ses Parça Veya Ayrı Başlığın Dil Kodu tur
082 ## - DEWEY ONLU SINIFLANDIRMA NUMARASI
Sınıflandırma Numarası 332.09561
Ürün Numarası B27 2005
090 ## - SINIFLAMA NUMARASI
Sınıflama Numarası 332.09561 B27 2005
245 ## - BAŞLIK TABLOSU
Başlık Batırılan bir ülke nasıl kurtarılır?
Başlığın Kalan Günümüz Türkiye'sine kıssadan hisseler
Sorumluluk Tablosu, Vb Hazırlayan Ersal Yavi
246 ## - UNVAN FORM VARYING
Başlık Doğru / Kısa Başlığı Günümüz Türkiye'sine kıssadan hisseler
250 ## - EDITION TABLOSU
Baskı Beyanı 3. bs.
260 ## - YAYIN, DAĞITIM, VB
Yayın, Dağıtım, Vb Yeri İzmir
Yayıncı, Dağıtıcı, Vs Adı Yazıcı Yayınevi
Yayın, Dağıtım, Vb Tarihi 2005
300 ## - FİZİKSEL TANIM
Kapsam viii, 631 s.
Diğer Fiziksel Ayrıntıları fotğ.
Boyutlar 22 sm.
650 ## - KONU KATMA GİRİŞ - TOPİKAL DÖNEM
Topikal Süreli Veya Coğrafi Ad Giriş Elemanı Siyaset ve yönetim
Genel Alt Bölümü Türkiye
650 ## - KONU KATMA GİRİŞ - TOPİKAL DÖNEM
Topikal Süreli Veya Coğrafi Ad Giriş Elemanı Ekonomi
Genel Alt Bölümü Tarih
Coğrafi Alt Bölümü Türkiye
700 ## - KATMA GİRİŞ - KİŞİSEL İSİM
Kişisel Ad Yavi, Ersal
Bir Adıyla İlişkilendirilen Tarihler 1943-
942 ## - EKLENDİ GİRİŞ ELEMANLARI (KOHA)
Sınıflandırma Veya Raf Düzeni Kaynak
Koha Öğesi Türü Books
999 ## - SİSTEM KONTROL NUMARALARI (KOHA)
Koha Biblionumber 8016
Koha Biblioitemnumber 8016
Holdings
Kalıcı Konum Mevcut Konum Edinme Tarihi Edinim Kaynak Toplam Check-Out'Lar Tam Çağrı Numarası Barkod Tarih Son Görülme İtibaren Geçerli Fiyatlar Koha Öğesi Türü
CHP Kütüphanesi CHP Kütüphanesi 09/26/2016 Bağış   332.09561 B27 2005 004230 09/26/2016 09/26/2016 Books